Innovative Forms of Financing and Capital Structure Transformation inthe Digital Age
Tento článok sa zameriava na inovatívne formy financovania a ich vplyv na transformáciu kapitálovej štruktúry v digitálnom veku. S rýchlym rozvojom digitálnych technológií a životného prostredia sa objavujú nové možnosti financovania pre podniky a investície. Článok sa bude zaoberať tým, ako tieto i...
Salvato in:
| Autore principale: | |
|---|---|
| Natura: | Capitolo di libro |
| Lingua: | inglese |
| Soggetti: | |
| Tags: |
Nessun Tag, puoi essere il primo ad aggiungerne!!
|
MARC
| LEADER | 00000naa$a2200000$$$4500 | ||
|---|---|---|---|
| 001 | 0298706 | ||
| 005 | 20240502084008.9 | ||
| 041 | 0 | |a eng | |
| 044 | |a CZ | ||
| 245 | 1 | 0 | |a Innovative Forms of Financing and Capital Structure Transformation inthe Digital Age |c Silvia Bastyr |
| 520 | |a Tento článok sa zameriava na inovatívne formy financovania a ich vplyv na transformáciu kapitálovej štruktúry v digitálnom veku. S rýchlym rozvojom digitálnych technológií a životného prostredia sa objavujú nové možnosti financovania pre podniky a investície. Článok sa bude zaoberať tým, ako tieto inovácie menia spôsob, akým spoločnosti získavajú a riadia kapitál. Okrem toho preskúmame výzvy, ktoré tieto nové prístupy prinášajú, vrátane regulačných rámcov a bezpečnostných otázok. Článok má prispieť k lepšiemu pochopeniu tejto problematiky a diskutovať o všeobecných trendoch v inovatívnych formách financovania a kapitálovej štruktúre. | ||
| 610 | 2 | 0 | |a financovanie |
| 610 | 2 | 0 | |a transformácia |
| 610 | 2 | 0 | |a kapitál |
| 610 | 2 | 0 | |a technológie informačné |
| 610 | 2 | 0 | |a prostredie životné |
| 100 | 1 | |a Bastyr, Silvia, 1978- | |